Giáo dục ý thức bảo vệ biên giới quốc gia /

Na minha lista:
Detalhes bibliográficos
Autor principal: Trần Nhật Nam.
Formato: Atigo
Idioma:Vietnamese
Assuntos:
Tags: Adicionar Tag
Sem tags, seja o primeiro a adicionar uma tag!
Thư viện lưu trữ: Thư viện Trường Đại học Đà Lạt
LEADER 00788nam a2200277 4500
001 DLU140165780
005 ##20141127
040 # # |a DLU  |b vie 
041 # # |a vie 
044 # # |a vn 
100 # # |a Trần Nhật Nam. 
245 # # |a Giáo dục ý thức bảo vệ biên giới quốc gia /  |c Trần Nhật Nam. 
653 # # |a An ninh biên giới 
653 # # |a Bảo vệ 
653 # # |a Chủ quyền 
653 # # |a Giáo dục 
773 # # |t Tạp chí Văn hóa nghệ thuật  |g Số358(4), 2014, tr. 7-9 
920 # # |a Phòng Tạp chí -- Trung tâm Thông tin - Thư viện Trường Đại học Đà Lạt 
994 # # |a DLU 
900 # # |a True 
911 # # |a Nguyễn Thị Mai Anh 
925 # # |a G 
926 # # |a A 
927 # # |a BB 
980 # # |a Thư viện Trường Đại học Đà Lạt